Vytváříme a realizujeme strategii prosperity
Salvato in:
| Natura: | Libro |
|---|---|
| Lingua: | ceco |
| Pubblicazione: |
Praha
Průmysl a obchod
1992
|
| Edizione: | 1. vyd. |
| Serie: | Podnikáme na náročných trzích 3
|
| Soggetti: | |
| Tags: |
Nessun Tag, puoi essere il primo ad aggiungerne!!
|
MARC
| LEADER | 00000nam a2200000 4500 | ||
|---|---|---|---|
| 001 | c001912 | ||
| 005 | 20221214090944.1 | ||
| 020 | |a 80-85603-17-9 | ||
| 041 | 0 | |a cze | |
| 044 | |a CZ | ||
| 245 | 1 | 0 | |a Vytváříme a realizujeme strategii prosperity |
| 250 | |a 1. vyd. | ||
| 264 | 1 | |a Praha |b Průmysl a obchod |c 1992 | |
| 300 | |a 407 s. | ||
| 490 | 1 | |a Podnikáme na náročných trzích 3 | |
| 830 | 0 | |a Podnikáme na náročných trzích 3 | |
| 610 | 2 | 0 | |a stratégia podniková |
| 610 | 2 | 0 | |a trh |
| 610 | 2 | 0 | |a rozbory činnosti hospodárskej |
| 610 | 2 | 0 | |a kalkulácia nákladov |
| 610 | 2 | 0 | |a vedenie |
| 610 | 2 | 0 | |a kontroling |
| 610 | 2 | 0 | |a politika podniková |
| 610 | 2 | 0 | |a riziko |
| 610 | 2 | 0 | |a lízing |
| 610 | 2 | 0 | |a politika investičná |
| 610 | 2 | 0 | |a plánovanie finančné |
| 610 | 2 | 0 | |a úver |
| 610 | 2 | 0 | |a proces investičný |
| 610 | 2 | 0 | |a pasíva |
| 610 | 2 | 0 | |a poistenie podnikov |
| 610 | 2 | 0 | |a risk management |